000 00398 a2200169 4500
001 195219
020 _a978-85-262-8543-9
040 _cMagnum
100 _aGuedes, Luiz Roberto
240 1 0 _aA horrível história de Horroroldo
_lpor
245 1 0 _aA horrível história de Horroroldo
300 _a32
362 0 _a2011
440 1 _aScipione
697 _aLITERATURA INFANTO
942 _cBK
999 _c195219
_d195219